Statistiques concernant Personnage de Mario et Sonic au Jeux Olympiques d'hiver 2010

Cliquez ici pour prendre le quiz!

Statistiques générales

  • Ce quiz a été pris 211 fois
  • Le résultat moyen est 11 sur 13

Statistiques - réponses

PersonnagesRéponse% Correct
Italien avec casquette rougeMario
100%
Italien avec casquette verteLuigi
99%
Hérisson BleuSonic
99%
Ennemie principal de MarioBowser
96%
Personnage Gros et JauneWario
94%
Jeune dinosaure vertYoshi
92%
Hérisson Rouge et NoirShadow
90%
Personnage Mince et MauveWaluigi
86%
Hérisson RougeKnuckles
80%
Ennemie principal de SonicDr. Eggman
79%
Crocodile vertVector
74%
2e principal ennemie de SonicMétal Sonic
55%
Grand singeDK
45%

Distribution des résultats

Percentile par nombre de réponses

% des personnes avec chaque résultat

Votre développement - résultats

Vous n’avez pas pris ce quiz